[Event "ESP-chT2 Gr2"]
[Site "Burguillos"]
[Date "2009.08.07"]
[Round "4"]
[White "Galvan Ruiz, Mario"]
[Black "Osorio Ramos, Francisco"]
[Result "1-0"]
[WhiteElo "2064"]
[BlackElo "1953"]
[PlyCount "89"]
[EventDate "2009.08.05"]
[EventType "team-swiss"]
[EventRounds "6"]
[EventCountry "ESP"]
[SourceTitle "CBM 131 Extra"]
[Source "ChessBase"]
[SourceDate "2009.09.03"]
[SourceVersion "2"]
[SourceVersionDate "2009.09.16"]
[SourceQuality "1"]

1. e4 c5 2. Nf3 d6 3. d4 cxd4 4. Nxd4 Nf6 5. Nc3 a6 6. Be2 e5 7. Nf3 h6 8. 0-0 Be7 9. a4 Be6 10. Re1 0-0 11. Bf1 Qc7 12. Nd5 Bxd5 13. exd5 Nbd7 14. c4 Rac8 15. a5 Rfe8 16. b3 Bf8 17. Bb2 Red8 18. Nd2 b6 19. axb6 Qxb6 20. Bc3 Qb7 21. Ba5 Re8 22. Ra3 Ra8 23. Qa1 Rec8 24. Bc3 Nb8 25. b4 Qc7 26. Rb1 Nbd7 27. b5 Nb8 28. bxa6 Ra7 29. Ba5 Qd7 30. Bb6 Ra8 31. a7 Nc6 32. dxc6 Qxc6 33. Ra6 Qd7 34. g3 Qf5 35. Bg2 e4 36. Ra5 Qe6 37. Qd4 Re8 38. Bc7 Qc8 39. Bb8 Qd8 40. Nxe4 Qxa5 41. Nxf6+ gxf6 42. Bxa8 Re1+ 43. Rxe1 Qxe1+ 44. Kg2 Bg7 45. Bd5 1-0

[Event "ESP-ch U18"]
[Site "Padron"]
[Date "2008.07.27"]
[Round "2"]
[White "Galvan Ruiz, Mario"]
[Black "Hernandez Leon, Alberto"]
[Result "0-1"]
[WhiteElo "2019"]
[BlackElo "2236"]
[PlyCount "50"]
[EventDate "2008.07.27"]
[EventType "swiss"]
[EventRounds "9"]
[EventCountry "ESP"]
[SourceTitle "CBM 125 Extra"]
[Source "ChessBase"]
[SourceDate "2008.09.01"]
[SourceVersion "1"]
[SourceVersionDate "2008.09.01"]
[SourceQuality "1"]

1. e4 c5 2. Nf3 d6 3. d4 cxd4 4. Nxd4 Nf6 5. Nc3 a6 6. Be2 e5 7. Nb3 Be7 8. 0-0 0-0 9. Be3 Be6 10. Qd2 Nbd7 11. Rfd1 Rc8 12. a4 Nb6 13. a5 Nc4 14. Bxc4 Rxc4 15. f3 Qc7 16. Bg5 Rd8 17. Bxf6 Bxf6 18. Rac1 h6 19. Qd3 Bg5 20. Ra1 Rc6 21. Nd2 Rc5 22. Ra4 Rxa5 23. Rxa5 Qxa5 24. Nf1 Qc5+ 25. Kh1 Bc4 0-1

[Event "Santa Lucia op 2nd"]
[Site "Santa Lucia"]
[Date "2008.07.18"]
[Round "5.7"]
[White "Sanchez Quintero, Raul"]
[Black "Galvan Ruiz, Mario"]
[Result "1-0"]
[WhiteElo "2182"]
[BlackElo "2019"]
[PlyCount "63"]
[EventDate "2008.07.14"]
[EventType "swiss"]
[EventRounds "7"]
[EventCountry "ESP"]
[SourceTitle "EXT 2024"]
[Source "ChessBase"]
[SourceDate "2023.10.10"]
[SourceVersion "1"]
[SourceVersionDate "2023.10.10"]
[SourceQuality "1"]

1. e4 e6 2. d4 d5 3. Nc3 Nf6 4. e5 Nfd7 5. f4 c5 6. Nf3 Nc6 7. Be3 Qb6 8. Na4 Qa5+ 9. c3 b6 10. a3 c4 11. b4 cxb3 12. Qxb3 Ba6 13. Kf2 Rc8 14. Nb2 Bxf1 15. Rhxf1 Qa6 16. f5 Na5 17. Qc2 Be7 18. fxe6 fxe6 19. Bg5 Qb5 20. Bxe7 Kxe7 21. Kg1 Rcf8 22. a4 Qc6 23. Rac1 Nc4 24. Nxc4 Qxc4 25. Qb2 Qc6 26. Qb4+ Ke8 27. c4 a5 28. Qb3 dxc4 29. Rxc4 Qd5 30. Rc8+ Ke7 31. Qa3+ Kf7 32. Nh4+ 1-0

[Event "Santa Lucia op 2nd"]
[Site "Santa Lucia"]
[Date "2008.07.17"]
[Round "4.14"]
[White "Galvan Ruiz, Mario"]
[Black "Rosso, Pier Andrei"]
[Result "1-0"]
[WhiteElo "2019"]
[BlackElo "1658"]
[PlyCount "73"]
[EventDate "2008.07.14"]
[EventType "swiss"]
[EventRounds "7"]
[EventCountry "ESP"]
[SourceTitle "EXT 2024"]
[Source "ChessBase"]
[SourceDate "2023.10.10"]
[SourceVersion "1"]
[SourceVersionDate "2023.10.10"]
[SourceQuality "1"]

1. e4 c5 2. Nf3 d6 3. d4 cxd4 4. Nxd4 Nf6 5. Nc3 a6 6. Be2 e5 7. Nb3 Be7 8. 0-0 Be6 9. Be3 0-0 10. Qd2 d5 11. exd5 Nxd5 12. Nxd5 Qxd5 13. Qxd5 Bxd5 14. Rfd1 Be6 15. Bc5 Nc6 16. Bxe7 Nxe7 17. Nc5 Bf5 18. c3 a5 19. Bf3 e4 20. Nxe4 Rab8 21. Nd6 Bc8 22. Nxc8 Rfxc8 23. Rd7 Ng6 24. Bd5 Rf8 25. Re1 Nf4 26. Bb3 Ne6 27. Bxe6 fxe6 28. Rxe6 Rf7 29. Red6 Rxd7 30. Rxd7 b6 31. Kf1 b5 32. Ke2 a4 33. Kd3 Rf8 34. f3 Rf5 35. Ke4 g6 36. Rd5 Rf6 37. Rxb5 1-0

[Event "Vecindario Hotel Avenida op"]
[Site "Vecindario"]
[Date "2007.08.12"]
[Round "7"]
[White "Galvan Ruiz, Mario"]
[Black "Natalicchio Escalante, Nicolas"]
[Result "0-1"]
[WhiteElo "1933"]
[BlackElo "2187"]
[PlyCount "90"]
[EventDate "2007.08.06"]
[EventType "swiss"]
[EventRounds "7"]
[EventCountry "ESP"]
[SourceTitle "EXT 2008"]
[Source "ChessBase"]
[SourceDate "2007.11.25"]
[SourceVersion "1"]
[SourceVersionDate "2007.11.25"]
[SourceQuality "1"]

1. e4 c5 2. Nf3 e6 3. d4 cxd4 4. Nxd4 Nc6 5. Nc3 Qc7 6. Be3 a6 7. Be2 Nf6 8. 0-0 Bb4 9. Na4 Bd6 10. g3 b5 11. Nb6 Rb8 12. Nxc8 Rxc8 13. a4 Nxd4 14. Bxd4 e5 15. Be3 Bc5 16. Qd3 0-0 17. c3 Bxe3 18. Qxe3 d5 19. axb5 axb5 20. exd5 Nxd5 21. Qe4 Nf6 22. Qb4 Rb8 23. Rfd1 e4 24. Ra5 h5 25. Rxb5 Rxb5 26. Bxb5 e3 27. fxe3 Qe5 28. e4 Rb8 29. c4 Nxe4 30. Rd5 Qf6 31. Qe1 Qf3 32. Re5 f5 33. b4 Ng5 34. Qf1 g6 35. Re8+ Rxe8 36. Bxe8 Qe3+ 37. Kh1 Qxe8 38. Qd3 Qc6+ 39. Kg1 Nf3+ 40. Kf2 Nxh2 41. Qd8+ Kf7 42. Qd3 Ng4+ 43. Kg1 Ke7 44. Qc3 Qf6 45. Qf3 Qd4+ 0-1

[Event "Vecindario Hotel Avenida op"]
[Site "Vecindario"]
[Date "2007.08.09"]
[Round "4"]
[White "Lezcano Jaen, Pedro"]
[Black "Galvan Ruiz, Mario"]
[Result "1-0"]
[WhiteElo "2386"]
[BlackElo "1933"]
[PlyCount "73"]
[EventDate "2007.08.06"]
[EventType "swiss"]
[EventRounds "7"]
[EventCountry "ESP"]
[SourceTitle "EXT 2008"]
[Source "ChessBase"]
[SourceDate "2007.11.25"]
[SourceVersion "1"]
[SourceVersionDate "2007.11.25"]
[SourceQuality "1"]

1. c4 Nf6 2. Nc3 e6 3. Nf3 d5 4. d4 Be7 5. Bg5 0-0 6. e3 b6 7. cxd5 exd5 8. Qc2 Bb7 9. Be2 c5 10. 0-0 Nbd7 11. Rfd1 Ne4 12. Bf4 Ndf6 13. dxc5 Nxc3 14. Qxc3 bxc5 15. Rac1 Qb6 16. Ne5 Rfd8 17. Bf3 Rac8 18. Qc2 d4 19. Qc4 Bd5 20. Bxd5 Nxd5 21. e4 Qf6 22. exd5 Qxf4 23. Nc6 Rd7 24. Rxd4 Qd6 25. Nxe7+ Rxe7 26. g3 g6 27. Rd2 f5 28. b4 Re4 29. Qc3 Rxb4 30. Qxb4 cxb4 31. Rxc8+ Kg7 32. Rc6 Qe5 33. Re6 Qa1+ 34. Kg2 Qc3 35. Ree2 a5 36. d6 Qc6+ 37. f3 1-0

[Event "Las Palmas op"]
[Site "Las Palmas"]
[Date "2005.12.02"]
[Round "9"]
[White "Galvan Ruiz, Mario"]
[Black "Monteiro Rodrigues, Carlos"]
[Result "1-0"]
[WhiteElo "1915"]
[BlackElo "1915"]
[PlyCount "41"]
[EventDate "2005.11.25"]
[EventType "swiss"]
[EventRounds "9"]
[EventCountry "ESP"]
[SourceTitle "CBM 109 Extra"]
[Source "ChessBase"]
[SourceDate "2006.01.03"]
[SourceVersion "2"]
[SourceVersionDate "2006.01.03"]
[SourceQuality "1"]

1. e4 e5 2. Nf3 Nc6 3. Bb5 a6 4. Ba4 Nf6 5. 0-0 Be7 6. Re1 b5 7. Bb3 0-0 8. h3 d5 9. exd5 Nxd5 10. Nxe5 Nxe5 11. Rxe5 Nf6 12. d3 Bd6 13. Re1 Ng4 14. Qf3 Qh4 15. Bf4 Bxf4 16. Qxf4 g5 17. Qg3 Qxg3 18. fxg3 Nf6 19. Nd2 c5 20. Re5 h6 21. Rxc5 1-0

[Event "Las Palmas op"]
[Site "Las Palmas"]
[Date "2005.11.27"]
[Round "4.27"]
[White "Gonzalez Intelangelo, Gerardo"]
[Black "Galvan Ruiz, Mario"]
[Result "1/2-1/2"]
[WhiteElo "2203"]
[BlackElo "1915"]
[PlyCount "32"]
[EventDate "2005.11.25"]
[EventType "swiss"]
[EventRounds "9"]
[EventCountry "ESP"]
[SourceTitle "CBM 109 Extra"]
[Source "ChessBase"]
[SourceDate "2006.01.03"]
[SourceVersion "2"]
[SourceVersionDate "2006.01.03"]
[SourceQuality "1"]

1. c4 Nf6 2. Nf3 e6 3. g3 d5 4. Bg2 dxc4 5. Qa4+ Nbd7 6. 0-0 a6 7. Qxc4 b5 8. Qc2 Bb7 9. d3 c5 10. b3 Be7 11. Bb2 0-0 12. Nbd2 Qb6 13. Rac1 Rac8 14. Qb1 Rfd8 15. Qa1 Bf8 16. Rfd1 Qa7 1/2-1/2

[Event "Las Palmas op"]
[Site "Las Palmas"]
[Date "2005.11.26"]
[Round "3.24"]
[White "Galvan Ruiz, Mario"]
[Black "Fernandez Manrique, Agustin"]
[Result "1/2-1/2"]
[WhiteElo "1915"]
[BlackElo "2137"]
[PlyCount "59"]
[EventDate "2005.11.25"]
[EventType "swiss"]
[EventRounds "9"]
[EventCountry "ESP"]
[SourceTitle "CBM 109 Extra"]
[Source "ChessBase"]
[SourceDate "2006.01.03"]
[SourceVersion "2"]
[SourceVersionDate "2006.01.03"]
[SourceQuality "1"]

1. e4 e6 2. d4 d5 3. Nd2 Nf6 4. e5 Nfd7 5. Bd3 c5 6. c3 Nc6 7. Ne2 cxd4 8. cxd4 f6 9. exf6 Nxf6 10. Nf3 Bd6 11. 0-0 0-0 12. Nc3 a6 13. a3 Qc7 14. Be3 Bd7 15. Rc1 Rae8 16. b4 Qd8 17. Bb1 Re7 18. Qd3 Be8 19. Nh4 Na7 20. Bg5 Nb5 21. Rfe1 Nxc3 22. Rxc3 g6 23. Nf3 Qb6 24. Bh6 Rff7 25. Ng5 Ng4 26. Nxf7 Bxh2+ 27. Kf1 Bb5 28. Rc8+ Re8 29. Rxe8+ Kxf7 30. R1xe6 1/2-1/2